| 000 | 00707nam a22002177a 4500 | ||
|---|---|---|---|
| 005 | 20110816122752.0 | ||
| 008 | 110816t xxu||||| |||| 00| 0 eng d | ||
| 010 | _aENG-103509 | ||
| 020 |
_a9788177792317 _c100.00 |
||
| 035 | _aEN-87042 | ||
| 037 | _bDBAD/PUB | ||
| 040 |
_aDPL _bEng |
||
| 082 | _a881 | ||
| 100 |
_932849 _aPratima Chaitanya |
||
| 245 |
_aExplorations / _cby Pratima Chaitanya |
||
| 260 |
_aAllahabad _bSahitya Bhandar _c2010 |
||
| 270 |
_a50,Chathchand,(Zero Road), _bAllahabad _e211003 |
||
| 300 |
_a47p. _c22cm (Hb) |
||
| 942 |
_2ddc _cEN _mPRA _h881 |
||
| 999 |
_c55727 _d55727 |
||